[Event "US Championship (Gp 1)"]
[Site "Chandler"]
[Date "1997.08.30"]
[Round "6"]
[White "Browne, Walter"]
[Black "Yermolinsky, Alex"]
[Result "1/2-1/2"]
[WhiteElo "2540"]
[BlackElo "2630"]
[PlyCount "101"]
[EventDate "1997.08.23"]

1. d4 Nf6 2. c4 e6 3. Nf3 Bb4+ 4. Nbd2 d6 5. a3 Bxd2+ 6. Qxd2 Nbd7 7. e3 e5
8 dxe5 dxe5 9. b4 e4 10. Nd4 Ne5 11. Bb2 O-O 12. Be2 Qe7 13. Qc3 Re8 14. Rd1
Bg4 15. f3 exf3 16. gxf3 Bd7 17. Nb5 Bc6 18. Qxe5 Qxe5 19. Bxe5 Rxe5 20. Kf2
Re7 21. Nc3 Rae8 22. e4 Kf8 23. h4 Bd7 24. Rd4 c6 25. Rhd1 Bc8 26. c5 Nh5 27.
Bc4 f5 28. Rd8 Nf6 29. exf5 Bxf5 30. Ne2 Be6 31. Bxe6 Rxe6 32. Nd4 Re5 33.
Rxe8+ Kxe8 34. Nb3 Re6 35. Na5 b6 36. cxb6 axb6 37. Nc4 Nd5 38. Rd4 b5 39. Na5
Kd7 40. Nb3 Kd6 41. Rd2 Rh6 42. Kg3 Rg6+ 43. Kf2 Rf6 44. Kg3 Rh6 45. Rd1 Re6
46. Kf2 Rf6 47. Kg3 Rg6+ 48. Kf2 Rh6 49. Kg3 Rg6+ 50. Kf2 Rf6 51. Kg3 1/2-1/2

[Event "US Championship (Gp 1)"]
[Site "Chandler"]
[Date "1997.08.30"]
[Round "6"]
[White "Ivanov, Alexander"]
[Black "Zamora, Jorge"]
[Result "0-1"]
[WhiteElo "2600"]
[BlackElo "2390"]
[PlyCount "66"]
[EventDate "1997.08.23"]

1. e4 c5 2. Nf3 d6 3. d4 cxd4 4. Nxd4 Nf6 5. Nc3 Nc6 6. Bg5 e6 7. Qd2 Be7
8. O-O-O Nxd4 9. Qxd4 a6 10. f4 b5 11. Be2 Bb7 12. Bf3 Rc8 13. Bxf6 gxf6 14.
Kb1 O-O 15. f5 Rc4 16. Qd3 Qc7 17. fxe6 fxe6 18. Ne2 Rc5 19. Nd4 Re5 20. Rhe1
Re8 21. Bg4 Bf8 22. Nf3 Rc5 23. Qb3 Qf7 24. Nd4 Re5 25. Qd3 Qg6 26. Qh3 Bxe4
27. Re2 d5 28. Bxe6+ Kh8 29. Bg4 Bc5 30. a3 h5 31. Nf3 Qxg4 32. Qxg4 hxg4 33.
Nxe5 Rxe5 0-1

[Event "US Championship (Gp 1)"]
[Site "Chandler"]
[Date "1997.08.30"]
[Round "6"]
[White "Fedorowicz, John"]
[Black "Gulko, Boris"]
[Result "1/2-1/2"]
[WhiteElo "2510"]
[BlackElo "2590"]
[PlyCount "52"]
[EventDate "1997.08.23"]

1. e4 e5 2. Nf3 Nc6 3. Bb5 a6 4. Ba4 Nf6 5. O-O Bc5 6. c3 b5 7. Bc2 d6 8.
d4 Bb6 9. a4 Bg4 10. axb5 axb5 11. Rxa8 Qxa8 12. d5 Na7 13. h3 Bh5 14. Bg5 Nd7
15. g4 Bg6 16. Nh4 h6 17. Bc1 Qd8 18. Nf5 Bxf5 19. exf5 Nf6 20. b3 Qd7 21. Qf3
O-O 22. Nd2 c6 23. dxc6 Qxc6 24. Ne4 Rc8 25. Nxf6+ gxf6 26. Qxc6 Nxc6 1/2-1/2

[Event "US Championship (Gp 1)"]
[Site "Chandler"]
[Date "1997.08.30"]
[Round "6"]
[White "Benjamin, Joel"]
[Black "Christiansen, Larry"]
[Result "1/2-1/2"]
[WhiteElo "2555"]
[BlackElo "2560"]
[PlyCount "41"]
[EventDate "1997.08.23"]

1. e4 e6 2. d4 d5 3. Nd2 dxe4 4. Nxe4 Nd7 5. Nf3 Ngf6 6. Nxf6+ Nxf6 7. Bg5
h6 8. Bh4 c5 9. Bb5+ Bd7 10. Bxd7+ Qxd7 11. Qe2 Be7 12. O-O-O O-O 13. dxc5 Qc6
14. Ne5 Qxc5 15. Bxf6 Bxf6 16. Nd7 Bxb2+ 17. Kxb2 Qb4+ 18. Kc1 Qa3+ 19. Kb1
Qb4+ 20. Kc1 Qa3+ 21. Kb1 1/2-1/2

[Event "US Championship (Gp. 2)"]
[Site "Chandler"]
[Date "1997.08.30"]
[Round "6"]
[White "Dzindzichashvili, Roman"]
[Black "Gurevich, Dmitry"]
[Result "1/2-1/2"]
[WhiteElo "2540"]
[BlackElo "2580"]
[PlyCount "23"]
[EventDate "1997.08.23"]

1. e4 e6 2. d4 d5 3. Nc3 dxe4 4. Nxe4 Nd7 5. Nf3 Ngf6 6. Nxf6+ Nxf6 7. Bg5
c5 8. Bb5+ Bd7 9. Bxd7+ Qxd7 10. Bxf6 gxf6 11. c3 cxd4 12. Qxd4 1/2-1/2

[Event "US Championship (Gp. 2)"]
[Site "Chandler"]
[Date "1997.08.30"]
[Round "6"]
[White "Seirawan, Yasser"]
[Black "Kudrin, Sergey"]
[Result "1-0"]
[WhiteElo "2630"]
[BlackElo "2515"]
[PlyCount "139"]
[EventDate "1997.08.23"]

1. Nf3 c5 2. c4 b6 3. d4 cxd4 4. Nxd4 Bb7 5. Nc3 Nf6 6. f3 d6 7. e4 e6 8.
Be3 Be7 9. Be2 a6 10. O-O O-O 11. Qd2 Nbd7 12. Rfd1 Qc7 13. Rac1 Rac8 14. a3
Qb8 15. b4 Rfe8 16. Bf1 Bd8 17. Rc2 Ne5 18. Na4 d5 19. exd5 exd5 20. c5 b5 21.
Nb6 Bxb6 22. cxb6 Rxc2 23. Nxc2 Nc4 24. Bxc4 dxc4 25. Qd6 Qxd6 26. Rxd6 Re6 27.
Rd8+ Re8 28. Rxe8+ Nxe8 29. Bc5 f6 30. Nd4 Kf7 31. Kf2 g6 32. g4 Ng7 33. f4
h5 34. gxh5 Nxh5 35. f5 Nf4 36. fxg6+ Kxg6 37. Ke3 Nd5+ 38. Kd2 Nf4 39. Bd6
Nd5 40. Bc5 Nf4 41. h4 Ba8 42. Be7 f5 43. Bd8 Kf7 44. Nxf5 Ke6 45. Ng3 Kd7 46.
Bc7 Nd5 47. h5 Nf6 48. h6 Bd5 49. Be5 Nh7 50. Ke3 Kc6 51. Bd4 Bf7 52. Ne4 Bg6
53. Bc5 Kb7 54. Kd4 Bh5 55. Nd6+ Kb8 56. Ne4 Kb7 57. Kd5 Bf7+ 58. Ke5 Bh5 59.
Nf6 Bg6 60. Nxh7 Bxh7 61. Bd4 c3 62. Kf6 c2 63. Be3 Bd3 64. Kg7 c1=Q 65. Bxc1
Kxb6 66. h7 Bxh7 67. Kxh7 Kc6 68. Kg6 a5 69. Kf7 Kd5 70. Ke7 1-0

[Event "US Championship (Women)"]
[Site "Chandler"]
[Date "1997.08.30"]
[Round "7"]
[White "Burtman, Sharon"]
[Black "Shahade, Jennifer"]
[Result "1/2-1/2"]
[WhiteElo "2070"]
[BlackElo "2085"]
[PlyCount "49"]
[EventDate "1997.08.23"]

1. d4 Nf6 2. c4 g6 3. Nc3 d5 4. cxd5 Nxd5 5. e4 Nxc3 6. bxc3 c5 7. Bc4 Bg7
8. Be3 O-O 9. Ne2 Nc6 10. O-O Bg4 11. f3 Na5 12. Bd3 cxd4 13. cxd4 Be6 14. Rc1
Bxa2 15. Qa4 Be6 16. d5 Bd7 17. Qb4 e6 18. Nc3 exd5 19. exd5 b6 20. Rfd1
Re8 21. Bf2 Bf8 22. Qb2 Bg7 23. Qb4 Bf8 24. Qb2 Bg7 25. Qb4 1/2-1/2

[Event "US Championship (Women)"]
[Site "Chandler"]
[Date "1997.08.30"]
[Round "7"]
[White "Belakovskaia, Anjelina"]
[Black "Zitserman, Tatyana"]
[Result "1-0"]
[WhiteElo "2365"]
[BlackElo "2125"]
[PlyCount "91"]
[EventDate "1997.08.23"]

1. d4 d5 2. c4 c6 3. Nc3 Nf6 4. Nf3 e6 5. Bg5 h6 6. Bxf6 Qxf6 7. e3 Nd7 8.
Qc2 g6 9. Bd3 Bg7 10. cxd5 cxd5 11. O-O O-O 12. Rfc1 Qe7 13. Qb3 a6 14. a4 b6
15. Na2 Qd6 16. Qb4 Qb8 17. Rc2 Re8 18. Rac1 Bf8 19. Qb3 Bb7 20. a5 b5 21. Rc7
Rd8 22. h4 Bd6 23. R7c2 Nf6 24. Nb4 Ra7 25. Kf1 Kg7 26. Ke2 Nd7 27. h5 g5 28.
Nc6 Bxc6 29. Rxc6 f5 30. Qc2 Rf8 31. Nd2 Nf6 32. Nb3 Nxh5 33. Rb6 Qd8 34. Qc6
Bc7 35. Nc5 Rf6 36. Nxe6+ Rxe6 37. Qxe6 Bxb6 38. axb6 Rb7 39. Rc6 Nf6 40. Bxf5
a5 41. Rd6 Qf8 42. Qc8 Qe7 43. Rc6 Ne8 44. Re6 Qf7 45. Rxe8 Rxb6 46. Rh8 1-0

[Event "US Championship (Women)"]
[Site "Chandler"]
[Date "1997.08.30"]
[Round "7"]
[White "Gulko, Anna"]
[Black "Epstein, Esther"]
[Result "0-1"]
[WhiteElo "2305"]
[BlackElo "2210"]
[PlyCount "106"]
[EventDate "1997.08.23"]

1. d4 Nf6 2. c4 e6 3. Nc3 Bb4 4. e3 O-O 5. Bd3 d5 6. a3 Bxc3+ 7. bxc3 dxc4
8. Bxc4 c5 9. Nf3 Qc7 10. Ba2 Nbd7 11. O-O b5 12. Bb2 Bb7 13. Re1 Rac8 14. Rc1
Rfd8 15. a4 Qa5 16. Ra1 b4 17. cxb4 cxb4 18. Nd2 Nb6 19. Bb1 Nc4 20. Nxc4
Rxc4 21. Bd3 Rc7 22. e4 Ba6 23. d5 Ne8 24. Re3 Bxd3 25. Rxd3 Rcd7 26. Qh5 exd5
27. Rad1 Qxa4 28. exd5 Qc2 29. Qe5 f6 30. Qe6+ Kh8 31. Ba1 Nc7 32. Qe1 Qc5 33.
Bd4 Qb5 34. Bxa7 Nxd5 35. Bd4 h6 36. Bb2 Ne7 37. Rxd7 Rxd7 38. Rc1 Qb7 39. h3
Rd8 40. Qe6 Qd7 41. Qb3 Qd6 42. Re1 Nc6 43. h4 Qd2 44. Qe6 Ne5 45. Rxe5 fxe5
46. Bxe5 Rf8 47. Kh2 Rxf2 48. Qg6 Qd7 49. Qxh6+ Kg8 50. Qb6 Re2 51. Qb8+ Kh7
52. Kg3 Qd3+ 53. Kh2 Qe4 0-1

[Event "US Championship (Women)"]
[Site "Chandler"]
[Date "1997.09.02"]
[Round "7"]
[White "Krush, Irina"]
[Black "Khan, Anna"]
[Result "1/2-1/2"]
[WhiteElo "2245"]
[BlackElo "2190"]
[PlyCount "89"]
[EventDate "1997.08.23"]

1. d4 d5 2. c4 e6 3. Nc3 Nf6 4. cxd5 exd5 5. Bg5 c6 6. Qc2 Na6 7. e3 Nb4 8.
Qd2 Bf5 9. Rc1 a5 10. a3 Na6 11. Bd3 Bxd3 12. Qxd3 Be7 13. Nge2 O-O 14. f3 Re8
15. O-O Nc7 16. h3 Ne6 17. Bh4 Nf8 18. Bf2 Ng6 19. e4 Nh5 20. e5 Nhf4 21. Nxf4
Nxf4 22. Qd2 Ne6 23. f4 f5 24. Ne2 Rf8 25. Be3 Qe8 26. Kh2 g6 27. g4 Ng7 28. Rg1
Qd7 29. Rg2 Qe6 30. Qe1 Kf7 31. Bf2 Rh8 32. Bh4 Bxh4 33. Qxh4 h5 34. g5 Qe8 35.
Qg3 Ne6 36. Qe3 Qd8 37. Nc3 a4 38. Rd2 Qb6 39. Nd1 Ra5 40. Nc3 Qb3 41. Qf2 Re8
42. Ne2 Qb6 43. Nc3 Qb3 44. Ne2 Qb6 45. Nc3 1/2-1/2

[Event "US Championship (Gp 1)"]
[Site "Chandler"]
[Date "1997.08.31"]
[Round "7"]
[White "Christiansen, Larry"]
[Black "Fedorowicz, John"]
[Result "1/2-1/2"]
[WhiteElo "2560"]
[BlackElo "2510"]
[PlyCount "30"]
[EventDate "1997.08.31"]

1. Nf3 g6 2. d4 Nf6 3. c4 d6 4. Nc3 Bg7 5. e4 O-O 6. Be2 e5 7. dxe5 dxe5 8.
Qxd8 Rxd8 9. Bg5 Re8 10. Nd5 Nxd5 11. cxd5 c6 12. Bc4 cxd5 13. Bxd5 Nd7 14.
Rc1 h6 15. Be3 Nf6 1/2-1/2

[Event "US Championship (Gp 1)"]
[Site "Chandler"]
[Date "1997.08.31"]
[Round "7"]
[White "Gulko, Boris"]
[Black "Ivanov, Alexander"]
[Result "1/2-1/2"]
[WhiteElo "2590"]
[BlackElo "2600"]
[PlyCount "57"]
[EventDate "1997.08.31"]

1. c4 e5 2. Nc3 Nc6 3. Nf3 Nf6 4. g3 Bb4 5. Bg2 O-O 6. O-O Re8 7. Nd5 Bf8
8. d3 h6 9. b3 Nxd5 10. cxd5 Nd4 11. Nd2 c6 12. Ne4 cxd5 13. Nc3 d6 14. e3 Nc6
15. Nxd5 Ne7 16. f4 Rb8 17. Bd2 Be6 18. Nxe7+ Bxe7 19. f5 Bd7 20. Bd5 Bc6 21.
Qf3 Rc8 22. Rac1 Qb6 23. Rc4 Bxd5 24. Qxd5 Bg5 25. Kf2 Rc5 26. Rxc5 dxc5 27. h4
Bf6 28. Qe4 Qd6 29. Rc1 1/2-1/2

[Event "US Championship (Gp 1)"]
[Site "Chandler"]
[Date "1997.08.31"]
[Round "7"]
[White "Zamora, Jorge"]
[Black "Yermolinsky, Alex"]
[Result "1/2-1/2"]
[WhiteElo "2390"]
[BlackElo "2630"]
[PlyCount "33"]
[EventDate "1997.08.31"]

1. e4 c5 2. Nf3 e6 3. d4 cxd4 4. Nxd4 Nf6 5. Nc3 d6 6. Bc4 Be7 7. Be3 O-O
8. Qe2 d5 9. exd5 exd5 10. Bb3 Nc6 11. O-O Re8 12. Qb5 Nb4 13. Bg5 Bd7 14.
Qxb7 Rb8 15. Qxa7 Ra8 16. Qb7 Rb8 17. Qa7 1/2-1/2

[Event "US Championship (Gp. 2)"]
[Site "Chandler"]
[Date "1997.08.31"]
[Round "7"]
[White "Kaidanov, Gregory"]
[Black "DeFirmian, Nick"]
[Result "1/2-1/2"]
[WhiteElo "2590"]
[BlackElo "2575"]
[PlyCount "39"]
[EventDate "1997.08.23"]

1. d4 Nf6 2. c4 c5 3. d5 e6 4. Nc3 exd5 5. cxd5 d6 6. e4 g6 7. h3 Bg7 8.
Nf3 O-O 9. Bd3 Nbd7 10. O-O Qe7 11. Bf4 Nh5 12. Bg5 Bf6 13. Bh6 Ng7 14. Qd2 a6
15. a4 Ne5 16. Nxe5 Qxe5 17. Be3 g5 18. g4 Bd7 19. Rae1 Rae8 20. Kg2 1/2-1/2

[Event "US Championship (Gp. 2)"]
[Site "Chandler"]
[Date "1997.08.31"]
[Round "7"]
[White "Shabalov, Alexander"]
[Black "Seirawan, Yasser"]
[Result "0-1"]
[WhiteElo "2555"]
[BlackElo "2630"]
[PlyCount "94"]
[EventDate "1997.08.31"]

1. e4 e6 2. d4 d5 3. e5 b6 4. Bb5+ c6 5. Ba4 b5 6. Bb3 c5 7. c3 Ne7 8. Nf3
Nec6 9. O-O h6 10. Be3 Nd7 11. Nbd2 c4 12. Bc2 b4 13. Ba4 Qc7 14. cxb4 Nxb4 15.
a3 Nd3 16. Qc2 Ba6 17. b3 Be7 18. bxc4 dxc4 19. Bxd7+ Kxd7 20. d5 exd5 21. Nd4
Kc8 22. f4 Rb8 23. Rab1 Rb6 24. Kh1 Bc5 25. N2f3 Kb7 26. e6 Ka8 27. f5 Rhb8 28.
Rxb6 Rxb6 29. Qa4 f6 30. h3 c3 31. Qa5 Ne5 32. Re1 Nxf3 33. Nxf3 Bxe3 34.
Qxd5+ Rb7 35. Nd4 Qg3 36. Nf3 Qc7 37. Nd4 c2 38. Nxc2 Bc5 39. Nb4 Bxb4 40. axb4
Qe7 41. Rd1 Bb5 42. Qf3 Kb8 43. Qf4+ Rc7 44. Rd6 Kc8 45. Qd2 Rc4 46. Qd5 Rc1+
47. Kh2 Kc7 0-1

[Event "US Championship (Gp. 2)"]
[Site "Chandler"]
[Date "1997.08.31"]
[Round "7"]
[White "Gurevich, Dmitry"]
[Black "Schwartzman, Gabriel"]
[Result "1/2-1/2"]
[WhiteElo "2580"]
[BlackElo "2510"]
[PlyCount "123"]
[EventDate "1997.08.23"]

1. Nf3 f5 2. d4 Nf6 3. Bg5 e6 4. Nbd2 Be7 5. Bxf6 Bxf6 6. e4 O-O 7. Bd3 d5
8. exf5 exf5 9. O-O Nc6 10. c3 Qd6 11. Re1 Bd7 12. b4 Rae8 13. Qc2 g6 14. b5
Nd8 15. Nb3 b6 16. Nbd2 c5 17. bxc6 Nxc6 18. a4 Rxe1+ 19. Rxe1 Re8 20. Rxe8+
Bxe8 21. g3 Na5 22. Bb5 Bf7 23. Qd3 Qc7 24. Qe3 Nb7 25. Ne5 Bxe5 26. dxe5 Nc5
27. Nf3 a6 28. e6 Bxe6 29. Bxa6 Bf7 30. Bb5 Ne4 31. Kg2 Nxc3 32. Nd4 Ne4 33.
Bc6 Qd6 34. f3 Nf6 35. Qb3 Qc5 36. Qe3 Qd6 37. Qb3 Qd8 38. Qe3 Ne8 39. Bb5 Nd6
40. Nc6 Qc7 41. Qd4 Nc4 42. h4 Qd6 43. h5 gxh5 44. Qh4 Kf8 45. Qd4 f4 46. Nb8
Ne3+ 47. Kf2 Nf5 48. Qh8+ Bg8 49. Nd7+ Kf7 50. gxf4 Ng7 51. Ne5+ Kf8 52. Nd7+
Kf7 53. Ne5+ Kf8 54. Bd3 Qb4 55. Nd7+ Kf7 56. Ne5+ Kf8 57. Bxh7 Qd2+ 58. Kf1
Qd1+ 59. Kf2 Qd2+ 60. Kf1 Qd1+ 61. Kg2 Qe2+ 62. Kg1 1/2-1/2

[Event "US Championship (Women)"]
[Site "Chandler"]
[Date "1997.08.31"]
[Round "8"]
[White "Epstein, Esther"]
[Black "Belakovskaia, Anjelina"]
[Result "1/2-1/2"]
[WhiteElo "2210"]
[BlackElo "2365"]
[PlyCount "36"]
[EventDate "1997.08.23"]

1. e4 c6 2. d4 d5 3. Nd2 dxe4 4. Nxe4 Nd7 5. Bc4 Ngf6 6. Nxf6+ Nxf6 7. c3
Qb6 8. Nf3 Bf5 9. O-O e6 10. Ne5 Be7 11. Bd3 Bxd3 12. Qxd3 O-O 13. Bg5 Rad8 14.
Qf3 Nd5 15. Bxe7 Nxe7 16. Nd3 Qb5 17. Rfe1 Ng6 18. a4 Qd5 1/2-1/2

[Event "US Championship (Women)"]
[Site "Chandler"]
[Date "1997.08.31"]
[Round "8"]
[White "Khan, Anna"]
[Black "Jezierska, Ivona"]
[Result "1-0"]
[WhiteElo "2190"]
[BlackElo "2075"]
[PlyCount "89"]
[EventDate "1997.08.23"]

1. d4 g6 2. c4 Bg7 3. Nf3 d6 4. e4 Nf6 5. Nc3 O-O 6. Be2 e5 7. O-O Nc6 8.
d5 Ne7 9. b4 Ne8 10. c5 Kh8 11. Nd2 Ng8 12. a4 f5 13. Ba3 Nh6 14. Nc4 f4 15.
b5 Rf6 16. a5 Nf7 17. b6 axb6 18. axb6 dxc5 19. bxc7 Nxc7 20. Bxc5 Rxa1 21.
Qxa1 f3 22. Bxf3 Rxf3 23. gxf3 Bh3 24. Kh1 Na6 25. Be3 Qc7 26. Nd2 Bxf1 27. Nxf1
Nd6 28. Nd2 h5 29. Kg2 Kh7 30. Qc1 Bf6 31. Ne2 Qe7 32. Nc4 Nb5 33. Qb2 Nd6 34.
Nxd6 Qxd6 35. Qxb7+ Bg7 36. Qc6 Bf8 37. f4 Nb4 38. Qxd6 Bxd6 39. fxe5 Bxe5 40.
Bd2 Nd3 41. f4 Bc7 42. Kf3 Kg7 43. Nd4 Kf6 44. Ne6 Bb8 45. Ke3 1-0

[Event "US Championship (Women)"]
[Site "Chandler"]
[Date "1997.08.31"]
[Round "8"]
[White "Frenklakh, Jennie"]
[Black "Burtman, Sharon"]
[Result "0-1"]
[WhiteElo "2120"]
[BlackElo "2070"]
[PlyCount "79"]
[EventDate "1997.08.23"]

1. d4 f5 2. Nc3 Nf6 3. Bg5 e6 4. e4 fxe4 5. Nxe4 Be7 6. Bxf6 Bxf6 7. Nf3
Nc6 8 c3 Qe7 9. Bd3 d6 10. Qc2 Bd7 11. O-O-O O-O-O 12. Rhe1 g6 13. Kb1 Rhe8 14.
Qb3 Qg7 15. Qa3 Kb8 16. Bf1 g5 17. h3 h5 18. Qb3 Ka8 19. Nfd2 g4 20. hxg4 hxg4
21. Ka1 Be7 22. f4 gxf3 23. Nxf3 Bf6 24. Bd3 Rh8 25. Rg1 e5 26. d5 Ne7 27. c4
Bg4 28. c5 dxc5 29. Nxc5 Bc8 30. Be4 Rd6 31. Rc1 Ng6 32. Nd2 Bg5 33. Rc2 Rb6
34. Qg3 Qh6 35. Nf3 Be7 36. Rgc1 Nf4 37. Na4 Bd6 38. Nxb6+ axb6 39. Nd2 Ne2 40.
Qe1 0-1

[Event "US Championship (Women)"]
[Site "Chandler"]
[Date "1997.08.31"]
[Round "8"]
[White "Shahade, Jennifer"]
[Black "Gulko, Anna"]
[Result "0-1"]
[WhiteElo "2085"]
[BlackElo "2305"]
[PlyCount "151"]
[EventDate "1997.08.23"]

1. e4 g6 2. d4 Bg7 3. Nc3 d6 4. Nf3 Nf6 5. Be3 a6 6. a4 O-O 7. h3 d5 8. e5
Ne4 9. Bd3 Nxc3 10. bxc3 c5 11. Qd2 Nc6 12. O-O c4 13. Be2 f6 14. exf6 exf6 15.
Bh6 Re8 16. Bxg7 Kxg7 17. Rfe1 Be6 18. Nh2 Qd7 19. Bg4 Re7 20. Rab1 Rae8 21.
Bxe6 Rxe6 22. Rxe6 Rxe6 23. Ng4 Nd8 24. Qh6+ Kg8 25. Qh4 Qe7 26. Ne3 Qd6 27. a5
h5 28. Rb6 Nc6 29. Rxb7 Nxa5 30. Ra7 Qb8 31. Rd7 Nc6 32. g4 Qf4 33. Rxd5 a5
34. Rb5 a4 35. d5 Ne5 36. Qg3 Qxg3+ 37. fxg3 Ra6 38. Rb2 hxg4 39. Nxg4 Nxg4 40.
hxg4 a3 41. Ra2 Kf7 42. Kf2 Ke7 43. Ke3 Kd6 44. Kd4 Ra4 45. Ke4 Ra5 46. g5
f5+ 47. Ke3 Kxd5 48. Kf4 Ra8 49. Kf3 Kc5 50. Ke3 Kb5 51. Kd4 Rd8+ 52. Ke5 Ka4
53. Kf6 Rd6+ 54. Kf7 Rb6 55. Ra1 Rb2 56. Kxg6 Rxc2 57. Kxf5 Rxc3 58. g4 Rf3+
59. Ke6 Rf4 60. Rg1 a2 61. g6 Rxg4 62. Rxg4 a1=Q 63. g7 Qe1+ 64. Kf5 Qf1+ 65.
Rf4 Qh3+ 66. Kg5 Qg2+ 67. Rg4 Qd5+ 68. Kh6 Qe6+ 69. Rg6 Qg8 70. Rf6 c3 71. Rf8
Qe6+ 72. Kh7 c2 73. Ra8+ Kb5 74. Ra1 Qf5+ 75. Kh6 Qf6+ 76. Kh7 0-1

[Event "US Championship (Women)"]
[Site "Chandler"]
[Date "1997.09.01"]
[Round "9"]
[White "Frenklakh, Jennie"]
[Black "Shahade, Jennifer"]
[Result "1/2-1/2"]
[WhiteElo "2120"]
[BlackElo "2085"]
[PlyCount "44"]
[EventDate "1997.08.23"]

1. e4 d5 2. exd5 Nf6 3. d4 Bg4 4. Be2 Bxe2 5. Qxe2 Qxd5 6. Nf3 e6 7. O-O
Be7 8. c4 Qf5 9. Nc3 O-O 10. d5 Bc5 11. dxe6 Nc6 12. Na4 Nd4 13. Nxd4 Bxd4 14. Rd1
c5 15. Be3 Qxe6 16. Qd3 Bxe3 17. Qxe3 Qxe3 18. fxe3 b6 19. h3 Rad8 20. Nc3
Rfe8 21. Kf2 Kf8 22. b3 Ke7 1/2-1/2

[Event "US Championship (Women)"]
[Site "Chandler"]
[Date "1997.09.01"]
[Round "9"]
[White "Burtman, Sharon"]
[Black "Khan, Anna"]
[Result "0-1"]
[WhiteElo "2070"]
[BlackElo "2190"]
[PlyCount "84"]
[EventDate "1997.08.23"]

1. d4 d5 2. c4 c6 3. g3 dxc4 4. Nf3 Nf6 5. Bg2 e6 6. O-O Be7 7. Qc2 O-O 8.
Rd1 b5 9. Nc3 Bb7 10. e4 a6 11. a4 Nbd7 12. Bf4 h6 13. h4 Qb6 14. Re1 Rfe8 15.
Rad1 Bb4 16. Qc1 c5 17. e5 Nh7 18. axb5 axb5 19. Bxh6 gxh6 20. Qxh6 Ndf8 21. Ng5
Bxg2 22. Kxg2 Bxc3 23. bxc3 Qb7+ 24. Kg1 Qe7 25. Re4 f5 26. exf6 Qxf6 27.
Qh5 Re7 28. Rg4 Rg7 29. Ne4 Qf7 30. Qxf7+ Kxf7 31. Rf4+ Ke7 32. Nxc5 Nf6 33.
Re1 Nd5 34. Rf3 Rf7 35. Rxf7+ Kxf7 36. Rc1 Ra3 37. Ne4 Ke7 38. h5 Nh7 39. Kg2
Nhf6 40. Nxf6 Kxf6 41. h6 Nxc3 42. Rh1 Ra8 0-1

[Event "US Championship (Women)"]
[Site "Chandler"]
[Date "1997.09.01"]
[Round "9"]
[White "Jezierska, Ivona"]
[Black "Zitserman, Tatyana"]
[Result "1-0"]
[WhiteElo "2075"]
[BlackElo "2125"]
[PlyCount "79"]
[EventDate "1997.08.23"]

1. Nf3 d5 2. g3 c5 3. Bg2 Nc6 4. d3 Nf6 5. Nbd2 e6 6. O-O Be7 7. e4 Qc7 8.
Re1 b6 9. Qe2 Bb7 10. e5 Nd7 11. c3 O-O-O 12. Nf1 h6 13. d4 g5 14. Be3 g4 15.
N3d2 h5 16. f4 Rdg8 17. f5 exf5 18. Bf4 Qd8 19. e6 Nf8 20. exf7 Rg7 21. Be5 Bf6
22. Bxf6 Qxf6 23. Bxd5 Nd8 24. Bxb7+ Kxb7 25. Qg2+ Kb8 26. dxc5 Rxf7 27. Re8
Rhh7 28. Rae1 bxc5 29. Qd5 Rd7 30. Qxc5 Rhf7 31. Nc4 Rc7 32. Qb4+ Rb7 33. Qa5
Rfd7 34. Ne5 Rd6 35. Ne3 Nfe6 36. N3c4 Rd2 37. Nc6+ Kc8 38. Nxd2 Qf7 39. Rxd8+
Nxd8 40. Qxd8# 1-0

[Event "US Championship (Women)"]
[Site "Chandler"]
[Date "1997.09.01"]
[Round "9"]
[White "Krush, Irina"]
[Black "Epstein, Esther"]
[Result "0-1"]
[WhiteElo "2245"]
[BlackElo "2210"]
[PlyCount "82"]
[EventDate "1997.08.23"]

1. d4 Nf6 2. c4 e6 3. Nc3 Bb4 4. Bg5 h6 5. Bh4 c5 6. d5 Bxc3+ 7. bxc3 d6 8.
e3 Qe7 9. Bd3 g5 10. Bg3 e5 11. e4 h5 12. h4 g4 13. Ne2 Nbd7 14. f3 Nf8 15.
Kd2 Ng6 16. Qg1 Bd7 17. Rb1 Rb8 18. Qh2 Kd8 19. Bf2 Ne8 20. Be3 Kc8 21. Ng3 Nf4
22. Bc2 gxf3 23. gxf3 Qf6 24. Nf5 Bxf5 25. exf5 Qh6 26. Rhg1 Nf6 27. Rg5 Kc7
28. Rbg1 Rbe8 29. Rg7 Rh7 30. R1g6 Qxg7 31. Rxg7 Rxg7 32. Qh1 Rg2+ 33. Kc1 Reg8
34. Kb2 Re2 35. Bxf4 exf4 36. Kb3 Rgg2 37. Bb1 Rb2+ 38. Ka3 Nd7 39. Qd1 Ne5 40.
Qf1 Rge2 41. Qg1 Nxc4+ 0-1

[Event "US Championship (Women)"]
[Site "Chandler"]
[Date "1997.09.01"]
[Round "9"]
[White "Belakovskaia, Anjelina"]
[Black "Gulko, Anna"]
[Result "1-0"]
[WhiteElo "2365"]
[BlackElo "2305"]
[PlyCount "249"]
[EventDate "1997.08.23"]

1. d4 Nf6 2. c4 e6 3. Nf3 Bb4+ 4. Bd2 Qe7 5. g3 Nc6 6. Bg2 Bxd2+ 7. Nbxd2
d6 8  O-O a5 9. e4 e5 10. d5 Nb8 11. Ne1 O-O 12. f4 exf4 13. gxf4 Na6 14. Nd3 Re8
15. Qf3 Nd7 16. Kh1 Ndc5 17. Rae1 Nxd3 18. Qxd3 Nc5 19. Qd4 f6 20. b3 Bd7 21.
Re3 Rad8 22. Rg3 Rf8 23. Rg1 Kh8 24. Bf3 Rg8 25. a3 b6 26. b4 axb4 27. axb4 Na6
28. Qc3 Rb8 29. Nb3 Rbe8 30. Ra1 Bc8 31. Nd2 Qd8 32. Bh5 g6 33. Bd1 Rgf8 34.
Ba4 Re7 35. Bb5 Nb8 36. Ra8 Bb7 37. Ra7 c6 38. dxc6 Bxc6 39. Rxe7 Qxe7 40. Bxc6
Nxc6 41. Rd3 Rb8 42. b5 Nd8 43. Qd4 Nf7 44. Nb1 g5 45. fxg5 Nxg5 46. Nc3
Rc8 47. h4 Ne6 48. Qxd6 Qxd6 49. Rxd6 Rxc4 50. Rxe6 Rxc3 51. Rxb6 Rh3+ 52. Kg2
Rxh4 53. Re6 Kg7 54. b6 Kf7 55. Re8 Kxe8 56. b7 Rxe4 57. b8=Q+ Kf7 58. Kf3 Re5
59. Qb3+ Kg7 60. Qb7+ Kg6 61. Qb1+ Kg7 62. Kf4 h5 63. Qb7+ Kg8 64. Qd7 Kf8 65.
Qh7 Rg5 66. Kf3 Ke8 67. Qe4+ Kf7 68. Qc4+ Ke7 69. Qc7+ Ke6 70. Qh7 Re5 71. Qg8+
Ke7 72. Qg7+ Ke6 73. Qf8 Rf5+ 74. Ke4 Re5+ 75. Kd4 Rd5+ 76. Kc4 Rg5 77. Qe8+
Kf5 78. Qf7 h4 79. Qd7+ Kg6 80. Kd4 Re5 81. Qg4+ Kf7 82. Qxh4 Rg5 83. Qh7+ Kf8
84. Ke4 Re5+ 85. Kf4 Rg5 86. Qh3 Kf7 87. Qd7+ Kf8 88. Qe6 Kg7 89. Qe7+ Kg6 90.
Qf8 Rf5+ 91. Ke4 Re5+ 92. Kd4 Kf5 93. Qg8 Ra5 94. Ke3 Ra3+ 95. Kf2 Ra5 96. Ke2
Rc5 97. Ke3 Ra5 98. Qd8 Re5+ 99. Kf3 Kg6 100. Qg8+ Kh6 101. Qf7 Rf5+ 102. Kg4
Rg5+ 103. Kh4 Rf5 104. Qf8+ Kg6 105. Qg8+ Kh6 106. Qf7 Rf4+ 107. Kg3 Rf5 108.
Qe8 Rg5+ 109. Kf4 Kg7 110. Qe7+ Kg6 111. Qf8 Rf5+ 112. Ke4 Re5+ 113. Kd4 Rg5
114. Qg8+ Kh6 115. Qf7 Rf5 116. Kd3 Rf3+ 117. Ke4 Rf1 118. Qf8+ Kh7 119. Kd5
Rd1+ 120. Ke6 Re1+ 121. Kf7 Rg1 122. Qa3 Rg6 123. Qd3 f5 124. Qxf5 Kh8 125. Qh5+
1-0

[Event "US Championship (Semi-Final)"]
[Site "Chandler"]
[Date "1997.09.03"]
[Round "1"]
[White "Seirawan, Yasser"]
[Black "Christiansen, Larry"]
[Result "1-0"]
[WhiteElo "2630"]
[BlackElo "2550"]
[PlyCount "129"]
[EventDate "1997.09.03"]

1. d4 Nf6 2. c4 e6 3. Nf3 Bb4+ 4. Bd2 a5 5. g3 d6 6. Bg2 Nbd7 7. O-O e5 8.
Be3 O-O 9. a3 exd4 10. Bxd4 Bc5 11. b3 Re8 12. Nc3 Qe7 13. e3 Rb8 14. Qd2 Nb6
15. Bxc5 dxc5 16. a4 Bg4 17. h3 Rbd8 18. Qc2 Bh5 19. Nh4 c6 20. g4 Bg6 21. Nxg6
hxg6 22. Rad1 Na8 23. Rxd8 Rxd8 24. Rd1 Nc7 25. Rxd8+ Qxd8 26. g5 Nfe8 27.
Ne4 Ne6 28. f4 Nd6 29. Qd3 Nf5 30. Qxd8+ Nxd8 31. Kf2 Ne6 32. Bf3 Kf8 33. Bg4
Ke7 34. h4 Nd6 35. Kf3 Nxe4 36. Kxe4 Nc7 37. Kd3 Ne6 38. Bh3 Nc7 39. Bc8 b5 40.
Kc3 bxa4 41. bxa4 Ne8 42. Bg4 Nc7 43. e4 Na8 44. e5 Nb6 45. Kb3 Na8 46. Kc3 Nb6
47. Bd1 Nd7 48. Bf3 Nb8 49. Kd2 Ke6 50. Be4 Ke7 51. Ke2 Ke6 52. Kf3 Ke7 53. Kg4
Kf8 54. h5 gxh5+ 55. Kxh5 Ke7 56. Bf3 Kf8 57. g6 Ke7 58. gxf7 Kxf7 59. Kg5 Nd7
60. Bxc6 Nf8 61. Bd5+ Ke7 62. Kf5 Kd7 63. Bg8 Ke7 64. e6 Kd6 65. Kg5 1-0